| 000 | 00706nam a2200277Ia 4500 | ||
|---|---|---|---|
| 001 | Z_4771 | ||
| 003 | CHAP | ||
| 008 | 220113s1994 xx 000 0 und d | ||
| 010 | _a167823 | ||
| 040 | _cCHAP | ||
| 090 | _aFolleto 707 | ||
| 100 |
_aInstituto Nacional de Investigaciones Forestales y Agropecuarias. México. _9142101 |
||
| 245 |
_aCurso teórico práctico de diagnóstico de brucelosis animal / _cpor INIFAP |
||
| 260 |
_aCuajimalpa, D.F. : _bINIFAP, _c1994 |
||
| 300 | _a p. | ||
| 440 | _a | ||
| 500 | _a | ||
| 503 | _a | ||
| 650 |
_aBrucelosis _xDiagnóstico _9142102 |
||
| 901 | _aFolleto 707 | ||
| 902 | _aA | ||
| 910 | _a1994 | ||
| 942 | _cc14 | ||
| 942 | _cc14 | ||
| 999 |
_c167823 _d167823 |
||